We Are Not Free Vocab List 1 - Statistics

General Stats
  • This quiz has been taken 38 times
  • The average score is 14 of 20
Answer Stats
Hint Answer % Correct
to persuade with flattery, to seduce cajole
91%
therefore ergo
91%
impossible to defeat indomitable
91%
deceitful, dishonest duplicitous
82%
to talk rapidly or unintelligibly, to mumble gabble
82%
a violent uprising against an authority or government insurrection
82%
to wait in line queue
82%
to make a wailing noise, like that of a cat caterwaul
73%
to move, or escape in a akward way clamber
73%
in a way that lacks harmony dissonantly
73%
to decorate ( a place ) festooned
73%
not neat, or in order unkempt
73%
social superiority because of ones manners or behaviors gentility
64%
a unpleasant or unhealthy smell miasma
64%
a model of excellence or perfection paragon
64%
in a formal, proper way primly
64%
to diminish, put to rest allay
55%
improvement in a person (mentally or inteligentally) edification
55%
an outbreak of public anger or excitement furor
55%
sad, sounding mournfull plaintive
45%
No matching quizzes found
Score Distribution
Percent of People with Each Score
Percentile by Number Answered
Your Score History
You have not taken this quiz